Využitie nástrojov internetového marketingu v podnikaní bakalárska práca

Salvato in:
Dettagli Bibliografici
Autore principale: Husár, Lukáš
Ente Autore: Podnikovohospodárska fakulta EU so sídlom v Košiciach. Katedra informačnej a jazykovej komunikácie
Altri autori: Tarča, Alexander
Natura: Libro
Lingua:slovacco
Pubblicazione: Košice 2019
Tags: Aggiungi Tag
Nessun Tag, puoi essere il primo ad aggiungerne!!

MARC

LEADER 00000nbm a2200000 4500
001 0257773
005 20191001143707.6
041 0 |a slo 
044 |a SK 
245 1 0 |a Využitie nástrojov internetového marketingu v podnikaní  |b bakalárska práca  |c Lukáš Husár ; školiteľ: Alexander Tarča 
264 1 |a Košice  |c 2019 
300 |a 46 s. 
100 1 |a Husár, Lukáš 
700 1 |a Tarča, Alexander 
710 2 |a Podnikovohospodárska fakulta EU so sídlom v Košiciach. Katedra informačnej a jazykovej komunikácie